000 00697nam a2200169 a 4500
008 150608s2013 ||||||||||||||||| || u
020 _a9781471128202
050 _aGV 943.M3 Bar
100 _aBartram, Steve
245 1 0 _aChampions 2013: how we got the title back - the players' own story
_cwith Steve Bartram
260 _aLondon:
_bSimon and Schuster
_c2013
300 _aviii, 279p.: ill.
350 _a24.95
650 _aMANCHESTER UNITED (SOCCER TEAM)--HISTORY--21ST CENTURY
650 _aMANCHESTER UNITED (SOCCER TEAM)
995 _FCBU-MAIN LIBRARY (Kitwe)
_I24.95
_M1
_UAVAILABLE
_WOct 5, 2015
_ZMain Library Open Access Collection
999 _c37061
_d37061